000 00894nam a22003137a 4500
001 000065
003 DO-SdBNP
005 20180124135641.0
007 000065
008 160309b 1997 ilu a ||||| |||| 00| 0 spa d
020 _a9780669433302
040 _aBNPHU
_bspa
_cBNPHU
092 _axxxx
_bxxxx
245 0 0 _aDime! Dos /
_c Fabián A. Samaniego ... [et al.]
246 1 0 _aHeath dime! dos.
260 _aEvanston, Illinois :
_bMcDougal Littell,
_c1997.
300 _av. :
_bil. ;
_c28 cm.
500 _aEn la portada. Heath dimé! dos.
505 _gPt.1. Dime! dos --
700 1 2 _aSamaniego, Fabian A.
700 1 2 _aBrown, M. Carol
700 1 2 _aCarlin, Patricia Hamilton
700 1 2 _aGorman, Sidney E.
700 1 2 _aBrown, Carol L.
700 1 2 _aSparks, Carol L.
942 _2ddc
_cBK
945 _a Inventariado extranjero / 2018 VM
956 _2LOPEREZ
_310
999 _c9163
_d9163